| 000 | 01834nam a2200505Ii 4500 | ||
|---|---|---|---|
| 001 | DIGAKAL0108 | ||
| 003 | NyNyDIG | ||
| 008 | 160418t20092009sp a o 000 0 spa d | ||
| 006 | m o d | ||
| 007 | cr ||||||||||| | ||
| 035 | _a(OCoLC)884969061 | ||
| 040 |
_aDGITA _beng _erda _epn _cDGITA |
||
| 020 |
_a9788446037163 _q(eBook ; _qePub) |
||
| 020 |
_a8446037165 _q(eBook ; _qePub) |
||
| 020 | _z9788446023067 | ||
| 020 | _z8446023067 | ||
| 050 | 1 | 4 | _aQH326 ebook |
| 082 | 0 | 4 |
_a576.839 _223 |
| 100 | 1 |
_aLuque, Bartolo, _eauthor. |
|
| 245 | 1 | 0 |
_aAstrobiología : _bun puente entre el Big Bang y la vida / _cBartolo Luque, Fernando Ballesteros, Álvaro Márquez, María González, Aida Agea, Luisa Lara. |
| 264 | 1 |
_aTres Cantos, Madrid, España : _bEdiciones Akal, S.A., _c[2009] |
|
| 264 | 4 | _c©2009 | |
| 300 |
_a1 online resource : _billustrations. |
||
| 336 |
_atext _btxt _2rdacontent |
||
| 337 |
_acomputer _bc _2rdamedia |
||
| 338 |
_aonline resource _bcr _2rdacarrier |
||
| 490 | 1 | _aAkal/Astronomía | |
| 588 | 0 | _aOnline resource; title from ePub title page (Digitalia, viewed April 22, 2016) | |
| 650 | 0 | _aExobiology. | |
| 650 | 0 |
_aLife _xOrigin. |
|
| 650 | 0 | _aBig bang theory. | |
| 655 | 0 | _aElectronic books. | |
| 700 | 1 |
_aBallesteros, Fernando, _eauthor. |
|
| 700 | 1 |
_aMárquez, Álvaro, _eauthor. |
|
| 700 | 1 |
_aGonzález, María, _eauthor. |
|
| 700 | 1 |
_aAgea, Aida, _eauthor. |
|
| 700 | 1 |
_aLara, Luisa, _eauthor. |
|
| 791 | 2 |
_aDigitalia (Firm), _edistributor. |
|
| 793 | 0 |
_gDigitalia eBook Collection: _aAkal |
|
| 776 | 0 | 8 |
_iPrint version: _aLuque, Bartolo. _tAstrobiología. _dMadrid : Ediciones Akal, ©2009 _z9788446023067 |
| 830 | 0 | _aAkal/Astronomía. | |
| 856 | 4 | 0 |
_3Digitalia Hispánica _uhttps://www.digitaliapublishing.com/a/28136/ |
| 910 | _aPremium Collection: 2016 | ||
| 942 | _cRAA | ||
| 999 |
_c239111 _d239111 |
||